Fikcyjne ptaki według zdjęć - Statystyki

Ogólne statystyki
  • Ten quiz został rozwiązany 1 326 razy
  • Średni wynik to 6 z 16
Statystyki odpowiedzi
Obrazkowy Hint Odpowiedź % Poprawnych
Kaczor Donald
100%
(odgadnij tytuł gry) Angry Birds
83%
Struś Pędziwiatr
77%
Sknerus McKwacz
71%
Hedwiga
64%
Kanarek Tweety
48%
Kaczor Daffy
39%
Kurczak Mały
39%
Zazu
22%
Blu
20%
Woody Woodpecker
20%
Wielki Ptak
18%
Hei Hei
9%
Kurak Leghorn
7%
Iago
5%
Woodstock
5%
Nie znaleziono quizów pasujących do podanych kryteriów
Rozkład punktacji
Procent ludzi z każdym wynikiem
Percentyl według liczby udzielonych odpowiedzi
Twoja historia wyników
Nie rozwiązałeś tego quizu